Normal view
MARC view
- Raymond Coughlin
Entry Personal Name
001 - CONTROL NUMBER
- control field: 103010
003 - CONTROL NUMBER IDENTIFIER
- control field: NUST
005 - DATE AND TIME OF LATEST TRANSACTION
- control field: 20221118094042.0
008 - FIXED-LENGTH DATA ELEMENTS
- fixed length control field: 221118|| aca||aabn | a|a d
040 ## - CATALOGING SOURCE
- Original cataloging agency: NUST
- Transcribing agency: NUST
100 ## - HEADING--PERSONAL NAME
- Personal name: Raymond Coughlin
670 ## - SOURCE DATA FOUND
- Source citation: Work cat.: (NUST)180245: Coughlin, Raymond F. 39219, Elementary applied calculus; a short course / , 1974
